[Event "DEM U14w 2003"]
[Site "Willingen GER"]
[Date "2003.06.08"]
[Round "2"]
[White "Zikeli, Saskia"]
[Black "Vollak, Marleen"]
[Result "0-1"]
[Termination "normal"]
[Board "8"]
[WhiteElo "1830"]
[BlackElo "1454"]
[PlyCount "104"]
[WhiteFideId "24601543"]
[BlackFideId "24624233"]
[EventCountry "GER"]
[EventRounds "9"]
[EventType "swiss"]
[EventDate "2003.06.07"]

1. e4 c5 2. Nf3 e6 3. d4 cxd4 4. Nxd4 Nc6 5. Nb5 d6 6. c4 Nf6 7. N1c3 a6 8. Na3
Be7 9. Be3 O-O 10. Be2 Bd7 11. O-O Qa5 12. Rc1 Ne5 13. f4 Ng6 14. g4 Bc6 15.
Bf3 Nd7 16. Nc2 Qc7 17. Nd4 Rab8 18. f5 exf5 19. gxf5 Nge5 20. Nd5 Nxf3+ 21.
Rxf3 Bxd5 22. cxd5 Qa5 23. Rh3 Nf6 24. Bg5 Rfc8 25. Nc2 Qxa2 26. Qd4 Qc4 27.
Qe3 Qc5 28. Nd4 Qb4 29. Rd1 Rc4 30. Rg3 Kf8 31. b3 Rc5 32. Rg2 Rbc8 33. Re2 Qb6
34. Kh1 Qc7 35. Kg2 a5 36. Bf4 Rc3 37. Qd2 Nh5 38. Bg3 Nxg3 39. hxg3 Qc5 40.
Rh1 h6 41. Rb1 Bg5 42. Qd1 Be3 43. Nf3 b5 44. Ra1 Qb4 45. Rea2 Qxb3 46. Qxb3
Rxb3 47. Rxa5 Rcc3 48. Nh4 Bd4 49. f6 Rxg3+ 50. Kh2 Kg8 51. R5a2 Rh3+ 52. Kg2
Rxh4 0-1

[Event "DEM U14w 2003"]
[Site "Willingen GER"]
[Date "2003.06.08"]
[Round "2"]
[White "Tischer, Jana"]
[Black "Benzen, Marthe"]
[Result "1-0"]
[Termination "normal"]
[Board "9"]
[WhiteElo "1619"]
[BlackElo "1405"]
[PlyCount "35"]
[WhiteFideId "24617164"]
[BlackFideId "24647764"]
[EventCountry "GER"]
[EventRounds "9"]
[EventType "swiss"]
[EventDate "2003.06.07"]

1. e4 e5 2. Nf3 Nc6 3. d4 exd4 4. Nxd4 Qh4 5. Nb5 Bb4+ 6. c3 Ba5 7. Bd3 Qe7 8.
O-O Nf6 9. e5 Nd5 10. a3 O-O 11. b4 a6 12. c4 Qxe5 13. cxd5 Qxa1 14. dxc6 axb5
15. Qc2 Bb6 16. Bb2 Qa2 17. Bxh7+ Kh8 18. Bxg7+ 1-0

[Event "DEM U14w 2003"]
[Site "Willingen GER"]
[Date "2003.06.08"]
[Round "2"]
[White "Hofmann, Christine"]
[Black "Jehle, Anja"]
[Result "0-1"]
[Termination "normal"]
[Board "10"]
[WhiteElo "1445"]
[BlackElo "1618"]
[PlyCount "90"]
[BlackFideId "24631434"]
[EventCountry "GER"]
[EventRounds "9"]
[EventType "swiss"]
[EventDate "2003.06.07"]

1. d4 d5 2. c4 e6 3. Nc3 Nf6 4. e3 c5 5. Nf3 Nc6 6. Bd3 cxd4 7. exd4 dxc4 8.
Bxc4 Be7 9. Be3 O-O 10. h3 b6 11. O-O Bb7 12. Qd2 Rc8 13. Be2 Nd5 14. Nxd5 Qxd5
15. Rfd1 Nb4 16. a3 Nc2 17. Rac1 Nxe3 18. Qxe3 Bf6 19. Rc3 Rxc3 20. bxc3 b5 21.
Ne1 Qb3 22. Qd3 a6 23. Nc2 Rc8 24. Qd2 Rxc3 25. Rc1 Be7 26. Ne1 Rxc1 27. Qxc1
Qxa3 28. Qc7 Bd5 29. Nc2 Qd6 30. Qc8+ Bf8 31. Qc3 b4 32. Qb2 a5 33. Bb5 Bc6 34.
Bc4 a4 35. Qa1 a3 36. Ba2 Ba4 37. Ne3 b3 38. Nc4 b2 39. Qxb2 axb2 40. Nxd6 Bxd6
41. Bb1 Bb4 42. f3 Bc3 43. Kf2 Bxd4+ 44. Ke2 Bb5+ 45. Kd2 Bf1 0-1

[Event "DEM U14w 2003"]
[Site "Willingen GER"]
[Date "2003.06.08"]
[Round "2"]
[White "Goergen, Barbara"]
[Black "Weber, Kristina"]
[Result "0-1"]
[Termination "normal"]
[Board "12"]
[WhiteElo "1526"]
[BlackElo "1363"]
[PlyCount "90"]
[EventCountry "GER"]
[EventRounds "9"]
[EventType "swiss"]
[EventDate "2003.06.07"]

1. e4 e6 2. d4 d5 3. Nc3 Nf6 4. exd5 exd5 5. Bg5 Be7 6. Bd3 Nc6 7. Nge2 Be6 8.
O-O a6 9. Re1 Qd7 10. a3 h6 11. Bh4 g5 12. Bg3 h5 13. h4 gxh4 14. Bxh4 Ng4 15.
Bxe7 Qxe7 16. Nf4 Qd6 17. Nfxd5 O-O-O 18. Be4 Bxd5 19. Nxd5 Kb8 20. Bf3 Nh2 21.
c4 Nxf3+ 22. Qxf3 Nxd4 23. Qc3 Ne6 24. Rad1 c6 25. Nf6 Nd4 26. Qg3 Qxg3 27.
fxg3 Rh6 28. Re8 Rxe8 29. Nxe8 Nf5 30. Rf1 Nxg3 31. Rxf7 Re6 32. Ng7 Re2 33.
Rf3 h4 34. Nf5 Re1+ 35. Kf2 Rf1+ 36. Ke3 Rxf3+ 37. Kxf3 Nxf5 38. Kg4 Ne3+ 39.
Kxh4 Nxg2+ 40. Kg3 Ne3 41. b3 Kc7 42. Kf3 Nc2 43. a4 Nd4+ 44. Ke4 Nxb3 45. Kd3
Nc5+ 0-1

[Event "DEM U14w 2003"]
[Site "Willingen GER"]
[Date "2003.06.08"]
[Round "2"]
[White "Nekrassova, Katja"]
[Black "Laake, Tamara"]
[Result "1-0"]
[Termination "normal"]
[Board "13"]
[WhiteElo "1220"]
[BlackElo "1486"]
[PlyCount "45"]
[EventCountry "GER"]
[EventRounds "9"]
[EventType "swiss"]
[EventDate "2003.06.07"]

1. d4 d5 2. e3 Nf6 3. Bd3 e6 4. Nd2 c6 5. f4 c5 6. c3 c4 7. Bc2 Nc6 8. Ngf3 Be7
9. O-O O-O 10. Ne5 Nxe5 11. fxe5 Nd7 12. Qh5 g6 13. Qh6 Bg5 14. Qh3 Re8 15. e4
Nb6 16. Nf3 Bxc1 17. Raxc1 dxe4 18. Bxe4 Kg7 19. Rf2 Nd5 20. Rcf1 Ne3 21. Ng5
h6 22. Rxf7+ Kg8 23. Qxh6 1-0

[Event "DEM U14w 2003"]
[Site "Willingen GER"]
[Date "2003.06.08"]
[Round "2"]
[White "Dittrich, Jacqueline"]
[Black "Popovic, Nathalie"]
[Result "1/2-1/2"]
[Termination "normal"]
[Board "14"]
[WhiteElo "1473"]
[BlackElo "1334"]
[PlyCount "47"]
[WhiteFideId "24666270"]
[BlackFideId "24630292"]
[EventCountry "GER"]
[EventRounds "9"]
[EventType "swiss"]
[EventDate "2003.06.07"]

1. Nc3 d5 2. e4 e6 3. d4 Bb4 4. e5 c5 5. Nf3 Nc6 6. Be3 cxd4 7. Bxd4 Nxd4 8.
Qxd4 Ba5 9. Bb5+ Bd7 10. Qa4 Bxc3+ 11. bxc3 Ne7 12. Rd1 a6 13. Bxd7+ Qxd7 14.
Qd4 Nf5 15. Qb4 Qc7 16. O-O Rc8 17. Rd3 Qe7 18. Rc1 Rc4 19. Qxe7+ Kxe7 20. Rb1
b5 21. Rb4 Rc6 22. a4 Rc5 23. axb5 axb5 24. Nd2 1/2-1/2

[Event "DEM U14w 2003"]
[Site "Willingen GER"]
[Date "2003.06.09"]
[Round "3"]
[White "Ohme, Melanie"]
[Black "Laake, Jasmin"]
[Result "1-0"]
[Termination "normal"]
[Board "1"]
[WhiteElo "1736"]
[BlackElo "1669"]
[PlyCount "101"]
[WhiteFideId "4690745"]
[BlackFideId "4699939"]
[EventCountry "GER"]
[EventRounds "9"]
[EventType "swiss"]
[EventDate "2003.06.07"]

1. e4 c5 2. Nc3 Nc6 3. g3 g6 4. Bg2 Bg7 5. d3 d6 6. f4 e6 7. Nf3 Nge7 8. O-O
O-O 9. Be3 Nd4 10. Rb1 Nec6 11. Ne2 Nxe2+ 12. Qxe2 Nd4 13. Qd2 e5 14. c3 Nxf3+
15. Rxf3 Be6 16. a3 exf4 17. Rxf4 Qa5 18. Rbf1 Rad8 19. Qf2 Be5 20. Rf3 d5 21.
Bxc5 dxe4 22. dxe4 Rfe8 23. Bxa7 Rd7 24. Bd4 Bc4 25. Bh3 f5 26. Rc1 Rde7 27.
exf5 Bxd4 28. Qxd4 Re1+ 29. Rxe1 Rxe1+ 30. Bf1 Bxf1 31. Rxf1 Rxf1+ 32. Kxf1
Qxf5+ 33. Qf2 Qb1+ 34. Kg2 Qe4+ 35. Kh3 Qe6+ 36. g4 h5 37. Qd4 hxg4+ 38. Kg3
Qe1+ 39. Kxg4 Qe2+ 40. Kg5 Qh5+ 41. Kf6 Qf5+ 42. Ke7 Qf8+ 43. Kd7 Qf3 44. Qd6
Qf7+ 45. Kc8 Qf5+ 46. Kxb7 Qb5+ 47. Qb6 Qd5+ 48. Ka7 Qd7+ 49. Qb7 Qa4+ 50. Kb8
Qf4+ 51. Qc7 1-0

[Event "DEM U14w 2003"]
[Site "Willingen GER"]
[Date "2003.06.09"]
[Round "3"]
[White "Gossmann, Anna Maria"]
[Black "Mader, Manuela"]
[Result "1/2-1/2"]
[Termination "normal"]
[Board "2"]
[WhiteElo "1575"]
[BlackElo "1672"]
[PlyCount "80"]
[BlackFideId "24612928"]
[EventCountry "GER"]
[EventRounds "9"]
[EventType "swiss"]
[EventDate "2003.06.07"]

1. e4 c5 2. Nf3 a6 3. Nc3 d6 4. Be2 Nf6 5. d4 cxd4 6. Nxd4 e6 7. Be3 Nc6 8. O-O
Be7 9. f4 O-O 10. Nb3 b5 11. Bf3 Bb7 12. Qe1 Qc7 13. Qg3 Nb4 14. Rac1 d5 15. e5
Ne8 16. Nd4 Bc5 17. Kh1 Qb6 18. Qf2 Nc6 19. Nce2 Nc7 20. c3 a5 21. a3 b4 22.
cxb4 axb4 23. Rxc5 Qxc5 24. Nxe6 Qe7 25. Nxf8 Qxf8 26. Bc5 Qb8 27. axb4 Ra4 28.
Nc3 Ra8 29. Bxd5 Nxb4 30. Bxb4 Nxd5 31. Bd6 Qc8 32. Nxd5 Bxd5 33. Qc5 Qb7 34.
Qc2 Rc8 35. Qd2 Be4 36. Rf2 Rc2 37. Qe1 Qxb2 38. Rxc2 Qxc2 39. Qf1 Bd3 40. Qe1
Be4 1/2-1/2

[Event "DEM U14w 2003"]
[Site "Willingen GER"]
[Date "2003.06.09"]
[Round "3"]
[White "Nguyen, Hoa My"]
[Black "Fuchs, Judith"]
[Result "1-0"]
[Termination "normal"]
[Board "3"]
[WhiteElo "1627"]
[BlackElo "1655"]
[PlyCount "55"]
[BlackFideId "24605611"]
[EventCountry "GER"]
[EventRounds "9"]
[EventType "swiss"]
[EventDate "2003.06.07"]

1. e4 c6 2. d4 d5 3. exd5 cxd5 4. c4 Nf6 5. Nc3 Be6 6. c5 g6 7. Nf3 Bg7 8. Bb5+
Nc6 9. Ne5 Bd7 10. Qa4 Nxe5 11. dxe5 Bxb5 12. Qxb5+ Nd7 13. Nxd5 O-O 14. Bg5 f6
15. exf6 exf6 16. Be3 Rc8 17. Rd1 Rf7 18. O-O Bf8 19. Nxf6+ Qxf6 20. Rxd7 Rc6
21. Rxb7 Be7 22. Rxa7 Re6 23. Bh6 Qxf2+ 24. Rxf2 Re1+ 25. Qf1 Rxf1+ 26. Kxf1
Rxf2+ 27. Kxf2 Bxc5+ 28. Be3 1-0

[Event "DEM U14w 2003"]
[Site "Willingen GER"]
[Date "2003.06.09"]
[Round "3"]
[White "Vollak, Marleen"]
[Black "Saak, Sarah"]
[Result "1-0"]
[Termination "normal"]
[Board "4"]
[WhiteElo "1454"]
[BlackElo "1611"]
[PlyCount "105"]
[WhiteFideId "24624233"]
[EventCountry "GER"]
[EventRounds "9"]
[EventType "swiss"]
[EventDate "2003.06.07"]

1. d4 Nf6 2. c4 g6 3. Nc3 Bg7 4. e4 d6 5. h3 O-O 6. Bg5 e5 7. dxe5 dxe5 8. Qxd8
Rxd8 9. Nd5 Rxd5 10. exd5 Ne4 11. Be3 Na6 12. Bd3 Nd6 13. Be2 Nb4 14. Kd1 Bf5
15. a3 Nd3 16. Bxd3 Bxd3 17. b3 Nf5 18. Ne2 Nxe3+ 19. fxe3 Be4 20. Rg1 Rd8 21.
Ke1 Bh6 22. Kf2 c6 23. dxc6 Bxc6 24. Rad1 Re8 25. Nc3 Bf8 26. a4 Bc5 27. Ke2 f5
28. Nd5 Kf7 29. Rgf1 Rd8 30. g4 Bd7 31. g5 Bc6 32. Rd3 Rh8 33. h4 h6 34. Rdd1
hxg5 35. hxg5 Rh5 36. Rg1 Rh2+ 37. Kd3 Rh3 38. Rh1 Rg3 39. Rdg1 Rxg1 40. Rxg1
Ke6 41. Rh1 f4 42. e4 Be7 43. Rh6 Be8 44. Nc7+ Kf7 45. Nxe8 Kxe8 46. Rxg6 Kf7
47. Rh6 Bxg5 48. Rh7+ Kg6 49. Rxb7 f3 50. Rxa7 f2 51. Ke2 Be3 52. Rd7 Kf6 53.
Rd5 1-0

[Event "DEM U14w 2003"]
[Site "Willingen GER"]
[Date "2003.06.09"]
[Round "3"]
[White "Nuber, Helene"]
[Black "Mucha, Annegret"]
[Result "1-0"]
[Termination "normal"]
[Board "5"]
[WhiteElo "1542"]
[BlackElo "1409"]
[PlyCount "85"]
[WhiteFideId "24613045"]
[BlackFideId "24622788"]
[EventCountry "GER"]
[EventRounds "9"]
[EventType "swiss"]
[EventDate "2003.06.07"]

1. e4 c5 2. Nc3 Nc6 3. g3 g6 4. Bg2 Bg7 5. d3 d6 6. f4 e6 7. Nf3 Nge7 8. O-O
O-O 9. Be3 b6 10. e5 Nf5 11. Bf2 d5 12. d4 Ba6 13. Re1 cxd4 14. Bxd4 Ncxd4 15.
Nxd4 Nxd4 16. Qxd4 Re8 17. Qa4 Qc8 18. Bf1 Qc5+ 19. Kg2 Bb7 20. Bb5 d4+ 21. Ne4
Bxe4+ 22. Rxe4 Red8 23. Rd1 Rd5 24. Bd3 b5 25. Qa5 Qc6 26. Kf2 Rb8 27. Re2 Qc5
28. Kf1 Qe7 29. Be4 Rdd8 30. Red2 Qc5 31. c3 Qc4+ 32. Ke1 Bf8 33. Rxd4 Rxd4 34.
Rxd4 Qc5 35. Bd3 Kg7 36. Kd2 Qc6 37. Be4 Qc8 38. h4 Bc5 39. Rd3 b4 40. Qa4
bxc3+ 41. Rxc3 Bb4 42. Qxb4 Qd8+ 43. Qd6 1-0

[Event "DEM U14w 2003"]
[Site "Willingen GER"]
[Date "2003.06.09"]
[Round "3"]
[White "Weiß, Katharina"]
[Black "Tischer, Jana"]
[Result "0-1"]
[Termination "normal"]
[Board "6"]
[WhiteElo "1541"]
[BlackElo "1619"]
[PlyCount "82"]
[WhiteFideId "24692859"]
[BlackFideId "24617164"]
[EventCountry "GER"]
[EventRounds "9"]
[EventType "swiss"]
[EventDate "2003.06.07"]

1. e4 c5 2. Nc3 Nc6 3. g3 g6 4. d3 Bg7 5. Bg2 d6 6. f4 e6 7. Nf3 Nge7 8. O-O
O-O 9. Be3 b6 10. Rb1 Bb7 11. g4 f5 12. Ng5 Qd7 13. exf5 exf5 14. gxf5 Nxf5 15.
Bd5+ Kh8 16. Qg4 Rae8 17. Nge4 Bc8 18. Bd2 Nb4 19. Bb3 Bd4+ 20. Kh1 Qb7 21. Qf3
d5 22. Nf2 Nh4 23. Qg3 Bxc3 24. bxc3 d4+ 25. Ne4 Rxe4 26. dxe4 Qxe4+ 27. Kg1
Nxc2 28. Qxh4 Bb7 29. Qg3 Ne3 30. Qf3 Qxf3 31. Rxf3 Bxf3 32. cxd4 cxd4 33. Bxe3
dxe3 34. Re1 e2 35. Bc4 Rxf4 36. Bxe2 Bxe2 37. Rxe2 Kg7 38. Rc2 Ra4 39. Kf2 Kf6
40. Kf3 Kf5 41. Rg2 Ra3+ 0-1

[Event "DEM U14w 2003"]
[Site "Willingen GER"]
[Date "2003.06.09"]
[Round "3"]
[White "Jehle, Anja"]
[Black "Ley, Janine"]
[Result "1-0"]
[Termination "normal"]
[Board "7"]
[WhiteElo "1618"]
[BlackElo "1360"]
[PlyCount "69"]
[WhiteFideId "24631434"]
[BlackFideId "24671274"]
[EventCountry "GER"]
[EventRounds "9"]
[EventType "swiss"]
[EventDate "2003.06.07"]

1. d4 Nf6 2. c4 d6 3. Nc3 b6 4. Bg5 Nbd7 5. Nf3 Bb7 6. e3 g6 7. Be2 Bg7 8. Rc1
h6 9. Bh4 O-O 10. O-O Re8 11. Nd2 e5 12. d5 c6 13. e4 Rf8 14. f3 g5 15. Bf2 Nh7
16. b4 a5 17. a3 axb4 18. axb4 f5 19. exf5 Rxf5 20. Bd3 Rf8 21. dxc6 Bxc6 22.
Be4 Bxe4 23. Ndxe4 Nhf6 24. Qxd6 Nxe4 25. Nxe4 Rb8 26. Qe6+ Kh7 27. Rfd1 Rb7
28. Rd2 Qe8 29. Qxe8 Rxe8 30. Nd6 Reb8 31. Nxb7 Rxb7 32. Rcd1 Nf6 33. Rd6 b5
34. c5 Ne8 35. Rb6 1-0

[Event "DEM U14w 2003"]
[Site "Willingen GER"]
[Date "2003.06.09"]
[Round "3"]
[White "Tovmasian, Nelli"]
[Black "Zemella, Jennifer"]
[Result "0-1"]
[Termination "normal"]
[Board "8"]
[WhiteElo "1433"]
[BlackElo "1553"]
[PlyCount "92"]
[WhiteFideId "24611735"]
[BlackFideId "24636096"]
[EventCountry "GER"]
[EventRounds "9"]
[EventType "swiss"]
[EventDate "2003.06.07"]

1. e4 c5 2. Nf3 d6 3. c3 Nf6 4. Bd3 Nbd7 5. Bc2 Qc7 6. O-O b6 7. d4 cxd4 8.
cxd4 g6 9. Nc3 Bg7 10. Re1 O-O 11. h4 Bb7 12. Nh2 Rac8 13. g4 h5 14. gxh5 Nxh5
15. Be3 Ndf6 16. Bg5 Nh7 17. Be3 Qd7 18. Qf3 Bf6 19. Ba4 Qd8 20. Qg4 e6 21. Nf3
Bg7 22. Bb3 N7f6 23. Qh3 Bxe4 24. Nxe4 Nxe4 25. Bg5 Nxg5 26. hxg5 d5 27. Rad1
a5 28. a4 Qe7 29. Qh4 Qb4 30. Rd3 Rfe8 31. Kf1 b5 32. axb5 Qxb5 33. Red1 a4 34.
Ba2 Qxb2 35. R3d2 Qb5+ 36. Kg2 Qa5 37. Rb1 e5 38. dxe5 Bxe5 39. Rxd5 Qa8 40.
Nxe5 Rxe5 41. Rbd1 Rd8 42. Qc4 Rexd5 43. Rxd5 Qxd5+ 44. Qxd5 Nf4+ 45. Kf3 Nxd5
46. Bxd5 Rxd5 0-1

[Event "DEM U14w 2003"]
[Site "Willingen GER"]
[Date "2003.06.09"]
[Round "3"]
[White "Weber, Kristina"]
[Black "Gasch, Franziska"]
[Result "0-1"]
[Termination "normal"]
[Board "9"]
[WhiteElo "1363"]
[BlackElo "1546"]
[PlyCount "58"]
[BlackFideId "24632139"]
[EventCountry "GER"]
[EventRounds "9"]
[EventType "swiss"]
[EventDate "2003.06.07"]

1. d4 Nf6 2. c4 e5 3. dxe5 Ng4 4. Nf3 Bc5 5. e3 Nc6 6. Nc3 Ngxe5 7. Nxe5 Nxe5
8. Be2 O-O 9. O-O d6 10. Nd5 a5 11. b3 c6 12. Nf4 Bf5 13. Bb2 Qg5 14. a3 Be4
15. Rc1 Rfe8 16. Kh1 Ng6 17. Bf3 Nxf4 18. Bxe4 Rxe4 19. exf4 Qxf4 20. Rc3 Rae8
21. Rf3 Qh6 22. h3 Qe6 23. Qd3 Re1 24. Rxe1 Qxe1+ 25. Kh2 Bxf2 26. h4 Qg1+ 27.
Kh3 Qh1+ 28. Kg4 Qxh4+ 29. Kf5 g6# 0-1

[Event "DEM U14w 2003"]
[Site "Willingen GER"]
[Date "2003.06.09"]
[Round "3"]
[White "Erben, Larissa"]
[Black "Nekrassova, Katja"]
[Result "1-0"]
[Termination "normal"]
[Board "10"]
[WhiteElo "1551"]
[BlackElo "1220"]
[PlyCount "63"]
[WhiteFideId "24634590"]
[EventCountry "GER"]
[EventRounds "9"]
[EventType "swiss"]
[EventDate "2003.06.07"]

1. e4 c5 2. Nf3 e6 3. d4 cxd4 4. Nxd4 a6 5. c4 Nf6 6. Nc3 Qc7 7. Be2 Bb4 8. f3
Bc5 9. Nc2 Qb6 10. Bf4 Nc6 11. Qd2 Nd4 12. Nxd4 Bxd4 13. Na4 Qa7 14. Rc1 Nh5
15. c5 Nxf4 16. Qxd4 Nxe2 17. Kxe2 O-O 18. Nb6 Rb8 19. h4 Rd8 20. h5 a5 21. Rc4
Qa6 22. Ke3 Qb5 23. h6 f6 24. Qd6 Rf8 25. Qxb8 Qc6 26. hxg7 Kxg7 27. Nxc8 Rxc8
28. Qg3+ Kh8 29. Qh4 Kg8 30. Qxh7+ Kf8 31. Qh8+ Ke7 32. Rh7# 1-0

[Event "DEM U14w 2003"]
[Site "Willingen GER"]
[Date "2003.06.09"]
[Round "3"]
[White "Popovic, Nathalie"]
[Black "Völschow, Toni"]
[Result "1/2-1/2"]
[Termination "normal"]
[Board "11"]
[WhiteElo "1334"]
[BlackElo "1382"]
[PlyCount "61"]
[WhiteFideId "24630292"]
[BlackFideId "24622591"]
[EventCountry "GER"]
[EventRounds "9"]
[EventType "swiss"]
[EventDate "2003.06.07"]

1. d4 d5 2. c4 c6 3. Nc3 Nf6 4. Nf3 a6 5. Bg5 e6 6. cxd5 exd5 7. e3 Nbd7 8. Qc2
Be7 9. Bd3 h6 10. Bxf6 Nxf6 11. O-O Qc7 12. Rab1 Be6 13. Rfc1 O-O 14. Na4 Nd7
15. b4 Bd6 16. h3 Qd8 17. Nc5 Rb8 18. a4 Qf6 19. Qa2 Bxc5 20. bxc5 Bxh3 21. Be2
Bf5 22. Rb3 Qe7 23. Qb2 a5 24. Rxb7 Qd8 25. Rb3 Qc7 26. Rd1 Rxb3 27. Qxb3 Rb8
28. Qc3 Rb4 29. Ra1 Qb7 30. Nd2 Nf6 31. Bd3 1/2-1/2

[Event "DEM U14w 2003"]
[Site "Willingen GER"]
[Date "2003.06.09"]
[Round "3"]
[White "Zikeli, Saskia"]
[Black "Dittrich, Jacqueline"]
[Result "1-0"]
[Termination "normal"]
[Board "12"]
[WhiteElo "1830"]
[BlackElo "1473"]
[PlyCount "110"]
[WhiteFideId "24601543"]
[BlackFideId "24666270"]
[EventCountry "GER"]
[EventRounds "9"]
[EventType "swiss"]
[EventDate "2003.06.07"]

1. e4 Nf6 2. e5 Nd5 3. d4 d6 4. c4 Nb6 5. f4 dxe5 6. fxe5 c5 7. dxc5 Qxd1+ 8.
Kxd1 Bg4+ 9. Ke1 N6d7 10. h3 Bh5 11. e6 Nxc5 12. exf7+ Bxf7 13. Nf3 Nc6 14. Be3
e5 15. Na3 O-O-O 16. Rd1 Be7 17. Bxc5 Bxc5 18. Nc2 Rhe8 19. Rxd8+ Rxd8 20. Be2
Bg6 21. Bd1 Nd4 22. Ncxd4 Bxd4 23. Nxd4 Rxd4 24. b3 Rf4 25. g3 Re4+ 26. Kd2
Rd4+ 27. Kc1 Rd3 28. Rg1 e4 29. Be2 Rd8 30. Re1 Re8 31. Bf1 Bh5 32. g4 Bg6 33.
Kd2 Kd7 34. Ke3 Ke6 35. Rd1 Rf8 36. Bg2 Rf7 37. Rd2 Ke5 38. Rd4 Kf6 39. Bxe4
Re7 40. Kf3 Bxe4+ 41. Rxe4 Rxe4 42. Kxe4 Kg5 43. b4 Kh4 44. c5 a6 45. a4 Kxh3
46. b5 axb5 47. axb5 Kxg4 48. c6 bxc6 49. bxc6 h5 50. c7 h4 51. c8=Q+ Kg3 52.
Qc3+ Kg2 53. Qxg7+ Kh2 54. Kf3 h3 55. Qg3+ Kh1 1-0

[Event "DEM U14w 2003"]
[Site "Willingen GER"]
[Date "2003.06.09"]
[Round "3"]
[White "Benzen, Marthe"]
[Black "Goergen, Barbara"]
[Result "1/2-1/2"]
[Termination "normal"]
[Board "13"]
[WhiteElo "1405"]
[BlackElo "1526"]
[PlyCount "96"]
[WhiteFideId "24647764"]
[EventCountry "GER"]
[EventRounds "9"]
[EventType "swiss"]
[EventDate "2003.06.07"]

1. e4 c6 2. d4 d5 3. Nc3 dxe4 4. Nxe4 Bf5 5. Ng3 Bg6 6. Bc4 e6 7. N1e2 Nf6 8.
Nf4 Bd6 9. c3 Nd5 10. Qf3 Nxf4 11. Bxf4 O-O 12. h4 h6 13. Qg4 Bxf4 14. Qxf4 Nd7
15. O-O-O Nb6 16. Bb3 Nd5 17. Qg4 Qf6 18. Bxd5 cxd5 19. Rhf1 Rac8 20. Ne2 b5
21. Nf4 Qf5 22. Qxf5 Bxf5 23. Nd3 Bxd3 24. Rxd3 b4 25. Kc2 bxc3 26. Rxc3 Rxc3+
27. bxc3 Rb8 28. Rb1 Rxb1 29. Kxb1 Kf8 30. Kc2 Ke7 31. Kb3 Kd6 32. f4 h5 33.
Kb4 Kc6 34. Ka5 Kb7 35. Kb5 g6 36. a3 a6+ 37. Kc5 Kc7 38. g3 Kb7 39. Kd6 Kb6
40. a4 Ka5 41. Ke7 Kxa4 42. Kxf7 Kb3 43. Kxe6 a5 44. Kxd5 a4 45. Ke6 a3 46. d5
a2 47. d6 a1=Q 48. d7 Qa6+ 1/2-1/2

[Event "DEM U14w 2003"]
[Site "Willingen GER"]
[Date "2003.06.09"]
[Round "3"]
[White "Laake, Tamara"]
[Black "Hofmann, Christine"]
[Result "0-1"]
[Termination "normal"]
[Board "14"]
[WhiteElo "1486"]
[BlackElo "1445"]
[PlyCount "56"]
[EventCountry "GER"]
[EventRounds "9"]
[EventType "swiss"]
[EventDate "2003.06.07"]

1. e4 e6 2. d4 d5 3. Nd2 dxe4 4. Nxe4 Nd7 5. Nf3 Ngf6 6. Bg5 Be7 7. Nxf6+ Nxf6
8. c3 O-O 9. Bd3 b6 10. O-O Bb7 11. Ne5 Qd5 12. f3 Qd6 13. Bc2 c5 14. Qd3 g6
15. Rae1 a5 16. Rf2 cxd4 17. cxd4 Rfd8 18. Rd2 Nd5 19. Bxe7 Qxe7 20. Rdd1 Qg5
21. Qe2 Nf4 22. Qd2 f6 23. Ng4 h5 24. Ne3 Bxf3 25. h4 Qg3 26. Nf1 Nh3+ 27. Kh1
Nf2+ 28. Kg1 Qxg2# 0-1

[Event "DEM U14w 2003"]
[Site "Willingen GER"]
[Date "2003.06.10"]
[Round "4"]
[White "Nguyen, Hoa My"]
[Black "Ohme, Melanie"]
[Result "0-1"]
[Termination "normal"]
[Board "1"]
[WhiteElo "1627"]
[BlackElo "1736"]
[PlyCount "110"]
[BlackFideId "4690745"]
[EventCountry "GER"]
[EventRounds "9"]
[EventType "swiss"]
[EventDate "2003.06.07"]

1. e4 c5 2. c3 Nf6 3. e5 Nd5 4. g3 e6 5. Bg2 d6 6. exd6 Qxd6 7. f4 Be7 8. d4
Nf6 9. Be3 Nbd7 10. Nf3 Nd5 11. Bf2 O-O 12. O-O cxd4 13. cxd4 N7f6 14. Ne5 Rd8
15. Nc3 a6 16. Ne4 Nxe4 17. Bxe4 g6 18. Rc1 Bf6 19. h4 b5 20. h5 Bb7 21. Re1
Rac8 22. hxg6 hxg6 23. Bxg6 fxg6 24. Qg4 Bg7 25. Qxg6 Rf8 26. Rxc8 Bxc8 27. Ng4
Qd7 28. Re5 Qe8 29. Qg5 Nf6 30. Nh6+ Kh7 31. Nf5 Qg6 32. Qxg6+ Kxg6 33. Ne7+
Kf7 34. Nxc8 Rxc8 35. Rc5 Rd8 36. Rc7+ Rd7 37. Rxd7+ Nxd7 38. g4 Nb8 39. Kg2
Nc6 40. b3 Bxd4 41. Bxd4 Nxd4 42. Kf2 b4 43. Ke3 Nb5 44. Kd3 Nc3 45. Kc4 Nxa2
46. Kc5 Kf6 47. Kb6 Nc1 48. Kxa6 Nxb3 49. Kb5 Nc5 50. Kxb4 Nd3+ 51. Kc4 Nxf4
52. Kd4 Kg5 53. Ke4 Kxg4 54. Ke5 Kg5 55. Ke4 Ng6 0-1

[Event "DEM U14w 2003"]
[Site "Willingen GER"]
[Date "2003.06.10"]
[Round "4"]
[White "Vollak, Marleen"]
[Black "Gossmann, Anna Maria"]
[Result "1-0"]
[Termination "normal"]
[Board "2"]
[WhiteElo "1454"]
[BlackElo "1575"]
[PlyCount "65"]
[WhiteFideId "24624233"]
[EventCountry "GER"]
[EventRounds "9"]
[EventType "swiss"]
[EventDate "2003.06.07"]

1. d4 d5 2. c4 c6 3. Nc3 Nf6 4. cxd5 cxd5 5. Bg5 e6 6. Nf3 Be7 7. e3 O-O 8. Bd3
h6 9. Bh4 Nc6 10. Rc1 Qb6 11. Qe2 Re8 12. O-O a6 13. a3 Nd7 14. Bxe7 Rxe7 15.
Na4 Qd8 16. Nc5 Nxc5 17. Rxc5 Rc7 18. Rfc1 f6 19. Qc2 Bd7 20. b4 Qe8 21. Qb2 b6
22. R5c2 b5 23. Nd2 Rcc8 24. Nb3 Ne7 25. Nc5 f5 26. Rc3 Rc6 27. Qe2 Rac8 28.
Qf3 Qf7 29. g4 fxg4 30. Bh7+ Kf8 31. Nxd7+ Ke8 32. Qxf7+ Kxf7 33. Ne5+ 1-0

[Event "DEM U14w 2003"]
[Site "Willingen GER"]
[Date "2003.06.10"]
[Round "4"]
[White "Laake, Jasmin"]
[Black "Nuber, Helene"]
[Result "1-0"]
[Termination "normal"]
[Board "3"]
[WhiteElo "1669"]
[BlackElo "1542"]
[PlyCount "77"]
[WhiteFideId "4699939"]
[BlackFideId "24613045"]
[EventCountry "GER"]
[EventRounds "9"]
[EventType "swiss"]
[EventDate "2003.06.07"]

1. e4 e6 2. d4 d5 3. Nd2 c5 4. exd5 Qxd5 5. Ndf3 Nf6 6. c3 Nc6 7. Bd3 Bd7 8.
Ne2 cxd4 9. cxd4 Bd6 10. Nc3 Qa5 11. Bd2 Nb4 12. Be2 Qd8 13. O-O O-O 14. Rc1
Bc6 15. a3 Nbd5 16. Bd3 Nf4 17. Bb1 a6 18. Ne5 Bxe5 19. dxe5 N6d5 20. Nxd5 Qxd5
21. f3 Qxe5 22. Re1 Qg5 23. g3 Nh3+ 24. Kg2 Qh5 25. Be4 Rad8 26. Bxc6 bxc6 27.
Rxc6 Qd5 28. Rc2 Ng5 29. Qe2 Qf5 30. Rec1 h6 31. Bf4 Rfe8 32. Rc5 e5 33. Bxg5
Qxg5 34. Re1 e4 35. Rxg5 exf3+ 36. Qxf3 hxg5 37. Rxe8+ Rxe8 38. b4 g6 39. Qd3
1-0

[Event "DEM U14w 2003"]
[Site "Willingen GER"]
[Date "2003.06.10"]
[Round "4"]
[White "Mader, Manuela"]
[Black "Jehle, Anja"]
[Result "1/2-1/2"]
[Termination "normal"]
[Board "4"]
[WhiteElo "1672"]
[BlackElo "1618"]
[PlyCount "50"]
[WhiteFideId "24612928"]
[BlackFideId "24631434"]
[EventCountry "GER"]
[EventRounds "9"]
[EventType "swiss"]
[EventDate "2003.06.07"]

1. d4 d5 2. Nf3 Nf6 3. e3 Bf5 4. c4 e6 5. Qb3 Qc8 6. Nc3 c6 7. Be2 Nbd7 8. O-O
Be7 9. Bd2 O-O 10. Nh4 Ne4 11. Nxf5 exf5 12. Rad1 Nxd2 13. Rxd2 dxc4 14. Bxc4
Bd6 15. Qc2 f4 16. e4 Nb6 17. Bd3 f3 18. gxf3 Bf4 19. Ne2 Bxd2 20. Qxd2 Qd7 21.
Kh1 Qh3 22. Ng3 h5 23. Qe3 Rae8 24. Nf5 Nd5 25. Qg5 Qxf3+ 1/2-1/2